000 00583nam a2200229Ia 4500
003 OSt
005 20221005123600.0
006 a|||||r|||| 00| 0
007 ta
008 221004b |||||||| |||| 00| 0 eng d
024 _a39960
037 _cTextual
040 _aCRL
_cCRL
_beng
041 _2eng
_aeng
082 _aO111,3N213,1, K5
100 _aMoore Brian
_9633858
245 0 _aLonely passion of Judith Hearne
260 _c1965
650 _aENGLISH LITERATURE
942 _hO111,3N213,1, K5
_cTEXL
_2cc
999 _c1047838
_d1047838